Objets en images par lettre - F - Statistiques

Statistiques générales
  • Ce quiz a été pris 397 fois
  • Le résultat moyen est 16 sur 20
Statistiques - réponses
Par images Réponse % Correct
Feu (de siganlisation)
100%
Four
100%
Fer (à repasser)
99%
Fourchette
99%
Frigo
99%
Flûte
98%
Feuille (en papier)
97%
Fouet
96%
Fusil à pompe
96%
Foulard
95%
Feutre
93%
Flèche
93%
Fauteuil roulant
83%
Fluo
75%
Faux
69%
Faucille
51%
Flacon
48%
Fût
42%
Frite (de piscine)
32%
Filament
7%
Aucun quiz correspondant
Distribution des résultats
% des personnes avec chaque résultat
Percentile par nombre de réponses
Votre historique - résultats
Vous n’avez pas pris ce quiz